| 000 | 01083nam a22002537a 4500 | ||
|---|---|---|---|
| 005 | 20170124103118.0 | ||
| 010 | _aA-211872 | ||
| 020 | _c30.00 | ||
| 035 | _aA-211872 | ||
| 037 | _bCen Lib/Ret | ||
| 040 |
_aDPL _bHN |
||
| 082 |
_a370.78 _bशर्माशि |
||
| 100 |
_aशर्मा, शिवकुमार _981345 |
||
| 245 |
_aमानवीय सम्बन्ध और विद्यालयी व्यवस्था / _cशिवकुमार शर्मा |
||
| 246 |
_aManveey sambandh aur vidhyalayi vyavstha / _bby Shivkumar Sharma |
||
| 260 |
_aदिल्ली _bयंग मैन एंड कम्पनी _c1983 |
||
| 270 |
_bदिल्ली _a888 नई सड़क _e110006 |
||
| 300 |
_aviii,170पृ. _c20सेमी(सजिल्द) |
||
| 650 |
_aशिक्षक व्यव्हार _981346 |
||
| 650 |
_aशिक्षक -- भूमिका _981347 |
||
| 650 |
_aTeacher Behavior _981348 |
||
| 650 |
_aTeacher - Role _981349 |
||
| 942 |
_2ddc _cHN _h370.78 _mशर्माशि |
||
| 999 |
_c118661 _d118661 |
||